02442pam a22003374a 45000010008000000030009000080050017000170080041000340100017000750200015000920350023001070350017001300400027001470420008001740500023001820820027002051000031002322450094002632600039003573000034003965020006004305040051004365050958004875200291014456500026017369000008017629420012017709990019017829520149018019520154019504369182USPCAS-E20180118181414.0040108s2004 maua b 001 0 eng  a 2004041375 a1402076967 a(OCoLC)ocm54034732 a(NNC)4369182 aDLCcDLCdYDXdOrLoB-B apcc00aTA418.7b.C42 200400a620.44222bCHA-A 20041 aChattopadhyay, Ramnarayan.10aAdvanced thermally assisted surface engineering processes /cby Ramnarayan Chattopadhyay. aBoston :bKluwer Academic,cc2004. axii, 374 p. :bill. ;c25 cm. a0 aIncludes bibliographical references and index.00gCh. 1.tWear, Surface, Heat and Surface Engineering -- gCh. 2.tPlasma Assisted Thermal Processes -- gCh. 3.tIon Beam Processes -- gCh. 4.tElectron Beam Processes -- gCh. 5.tMicrowave Assisted Surface Modification Processes -- gCh. 6.tLaser Assisted Surface Engineering Processes -- gCh. 7.tSolar Energy for Surface Modifications -- gCh. 8.tCombustion Processes for Surface Modification -- gCh. 9.tFriction Weld Surfacing -- gCh. 10.tInduction Surface Modification Processes -- gCh. 11.tSurfacing by Spark Deposition Processes -- gCh. 12.tArc Assisted Advanced Surface Engineering Processes -- gCh. 13.tHot Isostatic Press -- gCh. 14.tFluid Bed Processes -- gCh. 15.tPolymeric Surfaces -- gCh. 16.tCeramic Surfaces -- gCh. 17.tDiffused and CVD Coatings of Single and Multiple Elements -- gCh. 18.tMiscellaneous Processes -- gCh. 19.tQuality of the Engineered Surfaces -- gCh. 20.tPrognostic and Life Cycle Extension.1 a"Advanced Thermally Assisted Surface Engineering Processes has been structured to provide assistance and guidance to the engineers, researchers and students in choosing the right process from the galaxy of newer surface engineering techniques using advanced heat sources."--BOOK JACKET. 0aSurfaces (Technology) bTOC 2ddccBK c355803d355803 00102ddc40708NFICaCAS-EbCAS-EcDISPLAYd2015-12-23eProgressive g17801.00l0o620.44 CHA-A 2004pCAS-E0000922r2015-12-23w2015-12-23yBK 00102ddc40708NFICaCAS-EbCAS-EcDISPLAYd2015-12-23eProgressive g17801.00l0o620.44 CHA-A 2004pCAS-E0000923r2015-12-23tC.2w2015-12-23yBK